Psychological testing : (Record no. 3483)

000 -LEADER
fixed length control field 01767cam a2200385 a 4500
001 - CONTROL NUMBER
control field 8287654
003 - CONTROL NUMBER IDENTIFIER
control field OSt
005 - DATE AND TIME OF LATEST TRANSACTION
control field 20180117090007.0
008 - FIXED-LENGTH DATA ELEMENTS--GENERAL INFORMATION
fixed length control field 100521s2011 maua b 001 0 eng
010 ## - LIBRARY OF CONGRESS CONTROL NUMBER
LC control number 2010021204
020 ## - INTERNATIONAL STANDARD BOOK NUMBER
International Standard Book Number 9780205782147
020 ## - INTERNATIONAL STANDARD BOOK NUMBER
International Standard Book Number 0205782140
020 ## - INTERNATIONAL STANDARD BOOK NUMBER
International Standard Book Number 9780205807994 (pbk.)
020 ## - INTERNATIONAL STANDARD BOOK NUMBER
International Standard Book Number 0205807992 (pbk.)
024 ## - OTHER STANDARD IDENTIFIER
Standard number or code 99940601923
035 ## - SYSTEM CONTROL NUMBER
System control number (OCoLC)ocn620302854
035 ## - SYSTEM CONTROL NUMBER
System control number (OCoLC)620302854
Canceled/invalid control number (OCoLC)471787029
035 ## - SYSTEM CONTROL NUMBER
System control number (NNC)8287654
040 ## - CATALOGING SOURCE
Original cataloging agency DLC
Transcribing agency DLC
Modifying agency YDX
-- BTCTA
-- UKM
-- YDXCP
050 00 - LIBRARY OF CONGRESS CALL NUMBER
Classification number BF176
Item number .G74 2011
082 00 - DEWEY DECIMAL CLASSIFICATION NUMBER
Classification number 150.28/7
Edition number 22
100 1# - MAIN ENTRY--PERSONAL NAME
Personal name Gregory, Robert J.,
Dates associated with a name 1943-
245 10 - TITLE STATEMENT
Title Psychological testing :
Remainder of title history, principles, and applications /
Statement of responsibility, etc. Robert J. Gregory.
250 ## - EDITION STATEMENT
Edition statement 6th ed.
260 ## - PUBLICATION, DISTRIBUTION, ETC.
Place of publication, distribution, etc. Boston :
Name of publisher, distributor, etc. Allyn & Bacon,
Date of publication, distribution, etc. c2011.
300 ## - PHYSICAL DESCRIPTION
Extent xx, 672 p. :
Other physical details ill. ;
Dimensions 24 cm.
504 ## - BIBLIOGRAPHY, ETC. NOTE
Bibliography, etc. note Includes bibliographical references and index.
505 0# - FORMATTED CONTENTS NOTE
Formatted contents note Applications and consequences of psychological testing -- The history of psychological testing -- Norms and reliability -- Validity and test development -- Theories and individual tests of intelligence and achievement -- Group tests and controversies in ability testing -- Testing special populations -- Origins of personality testing -- Assessment of normality and human strengths -- Neuropsychological assessment and screening -- Industrial, occupational, and forensic assessment -- Legal issues and the future of testing.
650 #0 - SUBJECT ADDED ENTRY--TOPICAL TERM
Topical term or geographic name entry element Psychological tests.
650 #0 - SUBJECT ADDED ENTRY--TOPICAL TERM
Topical term or geographic name entry element Psychological tests
General subdivision History.
942 ## - ADDED ENTRY ELEMENTS (KOHA)
Source of classification or shelving scheme
Koha item type Book
948 1# - LOCAL PROCESSING INFORMATION (OCLC); SERIES PART DESIGNATOR (RLIN)
Series part designator, SPT (RLIN) 20110121
b (OCLC) c
c (OCLC) rad1
d (OCLC) MPS
Holdings
Withdrawn status Lost status Source of classification or shelving scheme Damaged status Not for loan Collection code Permanent Location Current Location Shelving location Date acquired Total Checkouts Full call number Barcode Checked out Date last seen Date last checked out Price effective from Koha item type
            Central Library (CL) Central Library (CL) General Stacks 06/28/2016 1 150.28/7 GRE S3H-S-810 02/09/2019 10/12/2018 10/12/2018 06/28/2016 Book
© 2023 Central Library, National University of Sciences and Technology. All Rights Reserved.